LDR 00577naa#a2200169#i#450# 001 EN\INFRA-M\bibl\117178 005 20260413201203.1 011 ## _a2500-0497 100 ## _a20260314b2026####ek#y0engy0150####ca 102 ## _aRU 200 1# _aThe system of awards in the USSR during the Great Patriotic War and in Russia during the special military operation _eJournal article 210 1# _aMoscow _cINFRA-M Academic Publishing LLC. _d2026 215 ## _a4 с. 608 ## _aJournal article _2local 675 ## _aВсеобщая история. 94 _z 700 #1 _aKolesnikova _gM. A. 856 4# _anaukaru.ru _u